[Event "September Mornings"]
[Site "SchemingMind.com"]
[Date "2023.09.18"]
[Round "-"]
[White "mmccaffe"]
[Black "Helga1946"]
[Result "0-1"]
[WhiteCountry "USA"]
[BlackCountry "GER"]
[WhiteElo "1831"]
[WhiteRD "73"]
[BlackElo "2420"]
[BlackRD "76"]
[GameID "737433"]

1. d4 d5 2. c4 dxc4 3. Nf3 Nf6 4. e3 e6 5. Bxc4 c5 6. O-O Qc7 7. Qe2 a6 8. a4 Nc6 9. Nc3 Bd6 10. Rd1 O-O
11. h3 h6 12. dxc5 Bxc5 13. e4 Nd7 14. Be3 Rd8 15. Rac1 Bxe3 16. Qxe3 Nce5 17. Nxe5 Nxe5 18. Be2 Rxd1+ 19. Rxd1 Bd7 20. Qd4 Be8
21. Qd6 Qxd6 22. Rxd6 Rc8 23. Rd4 Nc6 24. Rd6 Na5 25. e5 Nc4 26. Rd1 Nxb2 27. Rb1 Rxc3 28. Rxb2 Bc6 29. Rb6 Rc1+ 30. Kh2 Rc2
0-1

[Event "September Mornings"]
[Site "SchemingMind.com"]
[Date "2023.09.18"]
[Round "-"]
[White "Helga1946"]
[Black "mmccaffe"]
[Result "1-0"]
[WhiteCountry "GER"]
[BlackCountry "USA"]
[WhiteElo "2420"]
[WhiteRD "76"]
[BlackElo "1831"]
[BlackRD "73"]
[GameID "737434"]

1. c4 e6 2. Nc3 d5 3. d4 Nf6 4. cxd5 exd5 5. Bg5 Be7 6. e3 c6 7. Bd3 Nbd7 8. Nf3 O-O 9. O-O Re8 10. Qc2 Nf8
11. h3 g6 12. Ne5 Nh5 13. Bxe7 Qxe7 14. Rae1 f6 15. Nf3 Ng7 16. e4 dxe4 17. Bxe4 Qf7 18. d5 cxd5 19. Bxd5 Be6 20. Bxe6 Nfxe6
21. Ne4 Red8 22. Qc3 Ne8 23. Re3 Rac8 24. Qa3 a6 25. Rfe1 Nd4 26. Nxd4 Rxd4 27. Nc5 Rc4 28. Re7 Qf8 29. Nd7
1-0

[Event "September Mornings"]
[Site "SchemingMind.com"]
[Date "2023.10.03"]
[Round "-"]
[White "eliecercruzr"]
[Black "Phillip Beckett"]
[Result "1-0"]
[WhiteCountry "CUB"]
[BlackCountry "ENG"]
[WhiteElo "2309"]
[WhiteRD "61"]
[BlackElo "1575"]
[BlackRD "52"]
[GameID "737815"]

1. e4 e5 2. Nf3 Nc6 3. Bc4 Nf6 4. d3 Be7 5. O-O d6 6. a3 h6 7. c3 O-O 8. Nbd2 Nh7 9. h3 Ng5 10. d4 Nxf3+
11. Nxf3 exd4 12. cxd4 Bf6 13. Be3 Bd7 14. Qc2 Ne7 15. e5 dxe5 16. dxe5 Bg5 17. Bxg5 hxg5 18. Rad1 Qc8 19. Rxd7 Qxd7 20. e6 fxe6
21. Nxg5 Nf5 22. Bxe6+ Qxe6 23. Nxe6 Rfe8 24. Qxf5
1-0

[Event "September Mornings"]
[Site "SchemingMind.com"]
[Date "2023.10.04"]
[Round "-"]
[White "Phillip Beckett"]
[Black "eliecercruzr"]
[Result "0-1"]
[WhiteCountry "ENG"]
[BlackCountry "CUB"]
[WhiteElo "1575"]
[WhiteRD "52"]
[BlackElo "2309"]
[BlackRD "61"]
[GameID "737816"]

1. e4 c5 2. Nf3 d6 3. d4 cxd4 4. Nxd4 Nf6 5. Nc3 a6 6. Bg5 e6 7. f4 Qb6 8. Nb3 Be7 9. Qf3 Nbd7 10. O-O-O Qc7
11. Bd3 b5 12. Rhe1 b4 13. Ne2 Bb7 14. Kb1 O-O 15. g4 a5 16. Bxf6 Bxf6 17. g5 Be7 18. h4 a4 19. h5 axb3 20. cxb3 Nc5
21. g6 f5 22. Bc4 Bxe4+
0-1

[Event "September Mornings"]
[Site "SchemingMind.com"]
[Date "2023.10.11"]
[Round "-"]
[White "pmdpsp"]
[Black "cnile"]
[Result "1-0"]
[WhiteCountry "GER"]
[BlackCountry "SCO"]
[WhiteElo "1688"]
[WhiteRD "77"]
[BlackElo "1349"]
[BlackRD "57"]
[GameID "737901"]

1. e4 e5 2. Nf3 Nc6 3. Bc4 Nf6 4. d3 d5 5. exd5 Nxd5 6. O-O Nb6 7. Bb3 Be7 8. Re1 Bg4 9. Nc3 O-O 10. h3 Bxf3
11. Qxf3 Bf6 12. Be3 a5 13. a3 Qe7 14. Bxb6 cxb6 15. Nd5 Qd6 16. Nxb6 Rad8 17. Nc4 Nd4 18. Qxb7 Qe7 19. Qxe7 Bxe7 20. Nxa5 Bf6
21. Kf1 Nxb3 22. Nxb3 Rc8 23. c3 Rb8 24. Nc5 Rxb2 25. Nd7 Rc8 26. Nxf6+ gxf6 27. c4 Rd2 28. Red1 Rc2 29. a4 Rb2 30. Ra3 Rb4
31. a5 Ra8 32. a6 Rb6 33. a7 Rb7 34. Rda1 Kg7 35. Ke2 Kg6 36. c5 h5 37. c6 Rb2+ 38. Ke3 Rc2 39. Rb3 Rxc6 40. Rb8 Rc8
41. Rxc8
1-0

[Event "September Mornings"]
[Site "SchemingMind.com"]
[Date "2023.10.11"]
[Round "-"]
[White "cnile"]
[Black "pmdpsp"]
[Result "0-1"]
[WhiteCountry "SCO"]
[BlackCountry "GER"]
[WhiteElo "1349"]
[WhiteRD "57"]
[BlackElo "1688"]
[BlackRD "77"]
[GameID "737902"]

1. e4 g6 2. d4 d6 3. c4 Nf6 4. Nc3 Bg7 5. Nf3 O-O 6. Be2 c5 7. d5 e6 8. dxe6 Bxe6 9. Bf4 Ne8 10. Rc1 Nc6
11. O-O Nb4 12. h3 Bxc3 13. Rxc3 Qb6 14. Bh6 Ng7 15. Rb3 a5 16. a3 a4 17. Re3 Nc6 18. Qxd6 Rfd8 19. Qf4 Qxb2 20. e5 Nf5
21. Rd3 Qxe2 22. Rxd8+ Rxd8 23. g4 Nxh6 24. Qxh6 Qxf3 25. Qg5 Rd4 26. Qc1 Bxg4 27. e6 fxe6 28. Qg5 Bxh3 29. Re1 Rg4+ 30. Qxg4 Qxg4+
31. Kh1 Qg2#
0-1

[Event "September Mornings"]
[Site "SchemingMind.com"]
[Date "2023.10.08"]
[Round "-"]
[White "maro"]
[Black "The Stonewall"]
[Result "0-1"]
[WhiteCountry "MEX"]
[BlackCountry "ENG"]
[WhiteElo "1515"]
[WhiteRD "67"]
[BlackElo "2311"]
[BlackRD "76"]
[GameID "737924"]

1. e4 e6 2. d4 d5 3. e5 c5 4. dxc5 Nc6 5. Nf3 Bxc5 6. Bb5 Ne7 7. O-O O-O 8. Nc3 Ng6 9. Bg5 Qc7 10. Bd3 Ncxe5
11. Nb5 Qb6 12. c3 f6 13. Nbd4 Nxd3 14. Qxd3 fxg5 15. Nxg5 Be7 16. f4 Bxg5 17. fxg5 e5 18. Rxf8+ Nxf8 19. Qf3 exd4 20. Qxd5+ Be6
21. Qe5 dxc3+ 22. Kf1 Ng6 23. Qxc3 Rf8+ 24. Ke1 Qg1+
0-1

[Event "September Mornings"]
[Site "SchemingMind.com"]
[Date "2023.10.07"]
[Round "-"]
[White "The Stonewall"]
[Black "maro"]
[Result "1-0"]
[WhiteCountry "ENG"]
[BlackCountry "MEX"]
[WhiteElo "2311"]
[WhiteRD "76"]
[BlackElo "1515"]
[BlackRD "67"]
[GameID "737925"]

1. c4 e5 2. Nc3 Nf6 3. Nf3 e4 4. Ng5 Bc5 5. Ngxe4 Ng4 6. Nxc5 d6 7. N5e4 Nc6 8. d4 h6 9. g3 Bf5 10. Bg2 Qd7
11. h3 Nf6 12. Nxf6+ gxf6 13. Bf4 O-O-O 14. Qa4 a6 15. O-O-O Rde8 16. b4 Kd8 17. b5 Ne7 18. Bxb7 Ng6 19. Qxa6 Ke7 20. Bc6 Qe6
21. d5 Qc8 22. Bxe8 Rxe8 23. Qxc8 Rxc8 24. Bxh6 Ne5 25. Rd4 Ra8 26. Be3 Ra3 27. Kb2
1-0

[Event "September Mornings"]
[Site "SchemingMind.com"]
[Date "2023.10.12"]
[Round "-"]
[White "ray winteringham"]
[Black "Goz"]
[Result "0-1"]
[WhiteCountry "ENG"]
[BlackCountry "ENG"]
[WhiteElo "1404"]
[WhiteRD "48"]
[BlackElo "1523"]
[BlackRD "85"]
[GameID "738056"]

1. g3 d5 2. d4 e6 3. Bg2 h6 4. Nf3 Nc6 5. O-O Nf6 6. b3 Bd6 7. Bb2 O-O 8. Nbd2 b5 9. a4 b4 10. c3 a5
11. e3 Ba6 12. c4 dxc4 13. bxc4 Ne7 14. Re1 c5 15. d5 Rb8 16. e4 Nh7 17. e5 exd5 18. exd6 Qxd6 19. cxd5 f6 20. Re6 Qxd5
21. Rxe7 Rbd8 22. Re1 Qd6 23. Nb3 Qb6 24. Qc2 Bb7 25. Nh4 Bxg2 26. Kxg2 Rf7 27. Qg6 c4 28. Bd4 Qc7 29. Nf5 cxb3 30. Nxh6+ Kf8
31. Qxh7 Qc6+ 32. f3 Qc2+ 33. Kg1 Qxh7
0-1

[Event "September Mornings"]
[Site "SchemingMind.com"]
[Date "2023.10.13"]
[Round "-"]
[White "Goz"]
[Black "ray winteringham"]
[Result "1-0"]
[WhiteCountry "ENG"]
[BlackCountry "ENG"]
[WhiteElo "1523"]
[WhiteRD "85"]
[BlackElo "1404"]
[BlackRD "48"]
[GameID "738057"]

1. d4 d5 2. e3 Nf6 3. Bd3 e6 4. Nf3 Bd6 5. O-O O-O 6. c4 b6 7. a3 Bb7 8. b3 Nbd7 9. b4 a6 10. c5 bxc5
11. bxc5 Be7 12. a4 h6 13. a5 c6 14. Nc3 Qc7 15. Ne2 e5 16. dxe5 Nxe5 17. Nxe5 Qxe5 18. Ba3 Nd7 19. Rc1 Nf6 20. f4 Qxe3+
21. Kh1 Qe6 22. Nd4 Qg4 23. h3 Qd7 24. g4 Rfe8 25. Qd2 Nh7 26. Qg2 Bf6 27. Nf5 Bd4 28. Nxd4 Re3 29. Rf3 Rae8 30. Nf5 Re1+
31. Rxe1 Rxe1+ 32. Kh2 Nf8 33. Qb2 Ng6 34. Bb4 Re8 35. Nd6 Re7 36. Kg3 Nh8 37. f5 f6 38. Bc3 Nf7 39. Nxb7 Qxb7 40. Qxb7 Rxb7
41. Bxa6 Ra7 42. Bc8 Kf8 43. Re3 Ng5 44. Bb4 Ne4+ 45. Kh4 Ra8 46. Bb7 Ra7 47. Bxc6 Re7 48. Bxd5
1-0

[Event "September Mornings"]
[Site "SchemingMind.com"]
[Date "2023.10.12"]
[Round "-"]
[White "flyinduck"]
[Black "kenneth m day"]
[Result "1-0"]
[WhiteCountry "CAN"]
[BlackCountry "USA"]
[WhiteElo "1970"]
[WhiteRD "72"]
[BlackElo "1622"]
[BlackRD "63"]
[GameID "738065"]

1. e4 e5 2. Nf3 d5 3. exd5 Bd6 4. d4 e4 5. Ne5 Nf6 6. Bb5+ c6 7. dxc6 O-O 8. cxb7 Bxb7 9. O-O Bxe5 10. dxe5 Nd5
11. c4 Ne7 12. Qxd8 Rxd8 13. Bg5 Nbc6 14. Bxc6 Nxc6 15. Bxd8 Rxd8 16. Nc3 Nxe5 17. Rfd1 Rxd1+ 18. Rxd1 Nd3 19. f3 f5 20. Rxd3 exd3
21. Kf2 f4 22. Ke1 Bc8 23. Kd2 Bf5 24. Ne4 Kf7 25. Kxd3 Ke6 26. Kd4 Kd7 27. Ke5 Bxe4 28. Kxe4 Kc6 29. b4 a6 30. Kxf4 Kd6
31. Ke4 Ke6 32. c5
1-0

[Event "September Mornings"]
[Site "SchemingMind.com"]
[Date "2023.10.12"]
[Round "-"]
[White "kenneth m day"]
[Black "flyinduck"]
[Result "0-1"]
[WhiteCountry "USA"]
[BlackCountry "CAN"]
[WhiteElo "1622"]
[WhiteRD "63"]
[BlackElo "1970"]
[BlackRD "72"]
[GameID "738066"]

1. e4 d6 2. d4 Nf6 3. Nc3 g6 4. Nf3 Bg7 5. h3 O-O 6. Be3 a6 7. Be2 b5 8. Qd2 b4 9. Na4 Nxe4 10. Qxb4 d5
11. Bd3 Nc6 12. Qb3 Rb8 13. Qa3 Nb4 14. Nc5 Nxc5 15. dxc5 Bxb2 16. Qb3 Bxa1 17. O-O Bg7 18. Qa3 Nxd3 19. Qxd3 e5 20. Qe2 d4
21. Bc1 Qd5 22. a3 e4 23. Nd2 f5 24. Rd1 Qxc5 25. Nb3 Rxb3 26. cxb3 d3 27. Qe1 Bc3 28. Bd2 Bxd2 29. Qxd2 Be6 30. b4 Qc2
31. Qe1 c5 32. Rc1 d2
0-1

[Event "September Mornings"]
[Site "SchemingMind.com"]
[Date "2023.10.14"]
[Round "-"]
[White "Chessibelle"]
[Black "wight knight"]
[Result "1-0"]
[WhiteCountry "ENG"]
[BlackCountry "ENG"]
[WhiteElo "1130"]
[WhiteRD "54"]
[BlackElo "1253"]
[BlackRD "58"]
[GameID "738154"]

1. Nf3 f6 2. d4 g5 3. g4 b6 4. e3 Bb7 5. Bg2 Bxf3 6. Bxf3 a5 7. Nc3 Nc6 8. O-O e5 9. Re1 exd4 10. exd4+ Nce7
11. h3 c6 12. b3 f5 13. Bxg5 Bh6 14. Bh4 Qc7 15. Kf1 b5 16. g5 Bg7 17. Qd3 O-O-O 18. Bg3 d6 19. a4 c5 20. Nxb5 Qb8
21. Be2 Nd5 22. Qxf5+ Rd7 23. Bg4 Kb7 24. Qxd5+ Kc8 25. Re8#
1-0

[Event "September Mornings"]
[Site "SchemingMind.com"]
[Date "2023.10.13"]
[Round "-"]
[White "wight knight"]
[Black "Chessibelle"]
[Result "0-1"]
[WhiteCountry "ENG"]
[BlackCountry "ENG"]
[WhiteElo "1253"]
[WhiteRD "58"]
[BlackElo "1130"]
[BlackRD "54"]
[GameID "738155"]

1. e4 e5 2. Bc4 Nf6 3. d3 Be7 4. Bg5 Nc6 5. Bxf6 Bxf6 6. c3 d6 7. Qb3 O-O 8. Nf3 Na5 9. g3 Nxb3 10. Na3 Nxa1
11. O-O c6 12. Rxa1 a6 13. h4 Bg4 14. Nh2 Bh5 15. g4 Bxh4 16. gxh5 Qg5+ 17. Kf1 Qf4 18. Kg2 Qxf2+ 19. Kh1 Qxb2 20. Nb1 Qxa1
21. Nf3 Qxb1+
0-1

[Event "September Mornings"]
[Site "SchemingMind.com"]
[Date "2023.10.13"]
[Round "-"]
[White "Robert Hatfield"]
[Black "Clive Everill"]
[Result "1/2-1/2"]
[WhiteCountry "USA"]
[BlackCountry "CZE"]
[WhiteElo "1741"]
[WhiteRD "67"]
[BlackElo "1724"]
[BlackRD "58"]
[GameID "738157"]

1. c4 c5 2. g3 g6 3. Bg2 Bg7 4. Nc3 Nc6 5. Nf3 d6 6. O-O e5 7. d3 f5 8. Bg5 Qd7 9. Nd5 h6 10. Bd2 Nf6
11. b4 e4 12. b5 Nb8 13. Nxf6+ Bxf6 14. Ne1 Bxa1 15. Qxa1 O-O 16. Bc3 Qh7 17. dxe4 fxe4 18. Bxe4 Bh3 19. Bd5+ Rf7 20. Ng2 Nd7
21. Bxf7+ Qxf7 22. Rc1 Qxc4 23. Bh8 Qf7 24. Nf4 Bf5 25. Nd5 Be4 26. Nf6+ Nxf6 27. Qxf6 Qxf6 28. Bxf6 Kf7 29. Bb2 b6 30. Rd1 Ke6
31. Rd2 Bd5 32. Bg7 h5 33. Kf1 a6 34. Rb2 a5 35. a4 Ra7 36. Bh6 Rh7 37. Bf4 h4 38. Ke1 hxg3 39. Bxg3 Bb7 40. Kd2 d5
41. e3 c4 42. Kc3 Kf5 43. Kd4 Re7 44. f3 g5 45. Rc2 Ke6 46. Bb8=
1/2-1/2

[Event "September Mornings"]
[Site "SchemingMind.com"]
[Date "2023.10.30"]
[Round "-"]
[White "Chessibelle"]
[Black "eliecercruzr"]
[Result "0-1"]
[WhiteCountry "ENG"]
[BlackCountry "CUB"]
[WhiteElo "1126"]
[WhiteRD "55"]
[BlackElo "2311"]
[BlackRD "61"]
[GameID "738634"]

1. Nf3 d5 2. d4 e6 3. Bd2 c5 4. e3 Nf6 5. g3 Nc6 6. Be2 Be7 7. b3 O-O 8. O-O Ne4 9. Be1 cxd4 10. exd4 b6
11. Bb5 Bb7 12. a4 Rc8 13. h4 Bd6 14. c3 f5 15. Nh2 f4 16. Ng4 Qe7 17. b4 fxg3 18. f3 Qxh4 19. Kg2 Nf2 20. Qd2 Qh3+
21. Kg1 Qh1#
0-1

[Event "September Mornings"]
[Site "SchemingMind.com"]
[Date "2023.12.14"]
[Round "-"]
[White "Robert Hatfield"]
[Black "Goz"]
[Result "1-0"]
[WhiteCountry "USA"]
[BlackCountry "ENG"]
[WhiteElo "1758"]
[WhiteRD "64"]
[BlackElo "1460"]
[BlackRD "80"]
[GameID "740153"]

1. c4 e5 2. Nc3 c6 3. e4 Bc5 4. Nf3 d6 5. d4 exd4 6. Nxd4 Ne7 7. Be2 Bxd4 8. Qxd4 O-O 9. Be3 c5 10. Qd2 a6
11. Rd1 Qb6 12. b3 Rd8 13. Bf4 d5 14. Nxd5 Nxd5 15. exd5 Qg6 16. O-O Bf5 17. Bg3 Nd7 18. Bd3 Re8 19. Bxf5 Qxf5 20. Rfe1 Nf6
21. h3 Ne4 22. Qf4 Qxf4 23. Bxf4 Nc3 24. Rxe8+ Rxe8 25. Rd2 Re1+ 26. Kh2 Ne4 27. Rc2 b6 28. f3 Nf6 29. Rd2 Nd7 30. Kg3 f6
31. Kf2 Re8 32. Re2 Ra8 33. Re7 Ra7 34. Bb8 Rb7 35. Bd6 h6 36. Ke3 Kh7 37. Kf4 Kg6 38. g4 a5 39. h4 Ra7 40. h5+ Kh7
41. Kf5 a4 42. bxa4 Rxa4 43. Rxd7 Rxc4 44. Bf8 b5 45. Bxg7 Kg8 46. Kg6
1-0

[Event "September Mornings"]
[Site "SchemingMind.com"]
[Date "2023.12.15"]
[Round "-"]
[White "Goz"]
[Black "Robert Hatfield"]
[Result "0-1"]
[WhiteCountry "ENG"]
[BlackCountry "USA"]
[WhiteElo "1460"]
[WhiteRD "80"]
[BlackElo "1758"]
[BlackRD "64"]
[GameID "740154"]

1. d4 Nf6 2. c4 e6 3. c5 d5 4. Nc3 a5 5. Bf4 c6 6. e3 Be7 7. Nf3 O-O 8. Bd3 Na6 9. a3 Nh5 10. Ne2 Nxf4
11. Nxf4 h6 12. O-O Bd7 13. b3 b6 14. Bxa6 Rxa6 15. Qc2 bxc5 16. dxc5 Bf6 17. Rab1 e5 18. Nh5 e4 19. Nxf6+ Qxf6 20. Nd4 Raa8
21. f4 exf3 22. Rxf3 Qe5 23. Rbf1 Rac8 24. b4 axb4 25. axb4 Qe4 26. Qc3 Rb8 27. Rf4 Qg6 28. Nf5 Bxf5 29. Rxf5 Qe6 30. Re5 Qg6=
31. Rff5 Rb5 32. Rf1 Rfb8 33. Re7 Rxb4 34. Rfxf7 Rb1+ 35. Kf2 R8b2+
0-1

[Event "September Mornings"]
[Site "SchemingMind.com"]
[Date "2023.12.17"]
[Round "-"]
[White "pmdpsp"]
[Black "The Stonewall"]
[Result "0-1"]
[WhiteCountry "GER"]
[BlackCountry "ENG"]
[WhiteElo "1688"]
[WhiteRD "77"]
[BlackElo "2289"]
[BlackRD "74"]
[GameID "740226"]

1. c4 b6 2. Nc3 Bb7 3. d4 e6 4. e4 Bb4 5. Qg4 Nf6 6. Qxg7 Rg8 7. Qh6 Rg6 8. Qh4 Nxe4 9. Qxd8+ Kxd8 10. Bd2 Nxd2
11. Kxd2 Bxg2 12. Bxg2 Rxg2 13. Nh3 Rg4 14. Kd3 c5 15. a3 Rxd4+ 16. Kc2 Rxc4 17. Rhg1 Bxc3 18. bxc3 Rh4 19. Rg3 Ke7 20. f4 Nc6
21. Re1 d5 22. Re2 Rd8 23. Rg7 Rxh3
0-1

[Event "September Mornings"]
[Site "SchemingMind.com"]
[Date "2023.12.17"]
[Round "-"]
[White "The Stonewall"]
[Black "pmdpsp"]
[Result "1-0"]
[WhiteCountry "ENG"]
[BlackCountry "GER"]
[WhiteElo "2289"]
[WhiteRD "74"]
[BlackElo "1688"]
[BlackRD "77"]
[GameID "740227"]

1. e4 e5 2. Nf3 Nc6 3. d4 Nxd4 4. Nxd4 exd4 5. Qxd4 Nf6 6. e5 c5 7. Qe3 Ng4 8. Qf4 d6 9. Bb5+ Bd7 10. e6 fxe6
11. Bxd7+ Qxd7 12. Qxg4
1-0

[Event "September Mornings"]
[Site "SchemingMind.com"]
[Date "2023.12.26"]
[Round "-"]
[White "Helga1946"]
[Black "flyinduck"]
[Result "1-0"]
[WhiteCountry "GER"]
[BlackCountry "CAN"]
[WhiteElo "2422"]
[WhiteRD "75"]
[BlackElo "1954"]
[BlackRD "76"]
[GameID "740493"]

1. f4 Nf6 2. Nf3 d5 3. d3 g6 4. c3 Bg7 5. Qc2 c5 6. e4 O-O 7. Be2 Nc6 8. O-O Bg4 9. Na3 Rc8 10. e5 Ne8
11. h3 Bxf3 12. Bxf3 e6 13. Qf2 Qe7 14. Be3 b6 15. d4 cxd4 16. cxd4 f6 17. Nb5 g5 18. exf6 Nxf6 19. fxg5 Ne4 20. Qh4 Qb4
21. Bxe4 Rxf1+ 22. Rxf1 dxe4 23. Qxe4 Nd8 24. Nc3 Qxb2 25. Nd5 Rc2 26. Nf6+ Kf7 27. Ng4+ Ke8 28. Qxh7 Rxg2+ 29. Kh1
1-0

[Event "September Mornings"]
[Site "SchemingMind.com"]
[Date "2023.12.27"]
[Round "-"]
[White "flyinduck"]
[Black "Helga1946"]
[Result "0-1"]
[WhiteCountry "CAN"]
[BlackCountry "GER"]
[WhiteElo "1953"]
[WhiteRD "79"]
[BlackElo "2390"]
[BlackRD "69"]
[GameID "740494"]

1. e4 e5 2. Nf3 Nc6 3. Bc4 Bc5 4. b4 Bxb4 5. c3 Ba5 6. O-O Bb6 7. d4 d6 8. dxe5 dxe5 9. Qe2 h6 10. a4 Qf6
11. Bb5 Ne7 12. a5 Bc5 13. Qc4 b6 14. Ba3 Bxa3 15. Nxa3 O-O 16. Bxc6 Nxc6 17. a6 Na5 18. Qxc7 Bxa6 19. Rfe1 Rfe8 20. Rad1 Rac8
21. Qxa7 Bb7 22. Rd7 Rxc3 23. Nb1 Rxf3 24. gxf3 Ra8 25. Rxb7 Rxa7 26. Rxa7 Nc6 27. Ra8+ Kh7 28. Re3 Nd4 29. Nd2 Qg5+ 30. Kf1 Qh4
31. Kg1 Ne6 32. f4 Qg4+ 33. Rg3 Qd1+ 34. Nf1 exf4 35. Rga3 Ng5 36. f3 Nh3+ 37. Kg2 Qe2+ 38. Kxh3 Qxf1+ 39. Kg4 Qg2+ 40. Kxf4 Qg5#
0-1

[Event "September Mornings"]
[Site "SchemingMind.com"]
[Date "2024.01.19"]
[Round "-"]
[White "Robert Hatfield"]
[Black "The Stonewall"]
[Result "0-1"]
[WhiteCountry "USA"]
[BlackCountry "ENG"]
[WhiteElo "1770"]
[WhiteRD "64"]
[BlackElo "2302"]
[BlackRD "73"]
[GameID "741543"]

1. e4 c5 2. Nf3 e6 3. d4 cxd4 4. Nxd4 Nf6 5. Nc3 Nc6 6. Be2 Bb4 7. O-O Bxc3 8. bxc3 Nxe4 9. Bd3 d5 10. Ba3 Qa5
11. Qc1 Nxc3 12. Nb3 Qc7 13. Qd2 Ne4 14. Qe3 f5 15. f3 f4 16. Qe1 Nf6 17. Qh4 Kf7 18. Rfe1 e5 19. Rad1 Be6 20. Nc5 Qa5
21. Nxe6 Kxe6 22. Bc1 Kf7
0-1

[Event "September Mornings"]
[Site "SchemingMind.com"]
[Date "2024.01.19"]
[Round "-"]
[White "The Stonewall"]
[Black "Robert Hatfield"]
[Result "1-0"]
[WhiteCountry "ENG"]
[BlackCountry "USA"]
[WhiteElo "2302"]
[WhiteRD "73"]
[BlackElo "1770"]
[BlackRD "64"]
[GameID "741544"]

1. Nf3 d5 2. e3 c5 3. b3 Nf6 4. Bb2 Nc6 5. Bb5 Bd7 6. O-O g6 7. c4 dxc4 8. bxc4 Bg7 9. d4 O-O 10. Bxc6 Bxc6
11. d5 Bd7 12. Qe2 Rb8 13. Be5 Ng4 14. Bxg7 Kxg7 15. h3 Nf6 16. e4 b5 17. e5 Ng8 18. Nc3 b4 19. Ne4 Qc8 20. Qe3 Nh6
21. Nh4 Nf5 22. Nxf5+ gxf5 23. Nxc5 a5 24. Qg5+ Kh8 25. Qxe7
1-0

[Event "September Mornings"]
[Site "SchemingMind.com"]
[Date "2024.02.09"]
[Round "-"]
[White "eliecercruzr"]
[Black "Helga1946"]
[Result "1/2-1/2"]
[WhiteCountry "CUB"]
[BlackCountry "GER"]
[WhiteElo "2309"]
[WhiteRD "60"]
[BlackElo "2390"]
[BlackRD "69"]
[GameID "742171"]

1. e4 e6 2. d4 d5 3. Nc3 Nf6 4. Bg5 dxe4 5. Nxe4 Be7 6. Nxf6+ Bxf6 7. Bxf6 Qxf6 8. Nf3 O-O 9. Qd3 Nd7 10. Qe4 Qh6
11. Be2 Rb8 12. Qe3 Qxe3 13. fxe3 c5 14. a4 b6 15. a5 Bb7 16. axb6 axb6 17. O-O Ra8=
1/2-1/2

[Event "September Mornings"]
[Site "SchemingMind.com"]
[Date "2024.02.08"]
[Round "-"]
[White "Helga1946"]
[Black "eliecercruzr"]
[Result "1/2-1/2"]
[WhiteCountry "GER"]
[BlackCountry "CUB"]
[WhiteElo "2396"]
[WhiteRD "72"]
[BlackElo "2313"]
[BlackRD "60"]
[GameID "742172"]

1. b4 e5 2. a3 d5 3. Bb2 Nd7 4. e3 Ngf6 5. c4 c6 6. d4 e4 7. Nd2 Bd6 8. Ne2 O-O 9. Nc3 Re8 10. Be2 Nf8
11. h4 a6 12. g4 Be6 13. Rc1 Qe7 14. g5 N6d7 15. cxd5 cxd5 16. Nb3 Rec8 17. Nc5 a5 18. Nxe6 fxe6 19. bxa5 Bxa3 20. Qb3 Bb4
21. Kf1 Rxa5 22. Na2 Rxc1+ 23. Bxc1 Bd6 24. Bd2 Ra3 25. Qb1 Qf7 26. Nc3 Bg3 27. Nd1 Bd6 28. Nc3 Bg3 29. Nd1 Ng6 30. h5 Ne7
31. Bb4 Rxe3 32. Bxe7 Rxe2 33. Kxe2 Qf3+ 34. Kd2 Bf4+ 35. Kc2 Qxh1 36. Qxb7 Qxh5 37. Qxd7=
1/2-1/2

[Event "September Mornings"]
[Site "SchemingMind.com"]
[Date "2024.03.13"]
[Round "-"]
[White "Helga1946"]
[Black "The Stonewall"]
[Result "1/2-1/2"]
[WhiteCountry "GER"]
[BlackCountry "ENG"]
[WhiteElo "2387"]
[WhiteRD "74"]
[BlackElo "2245"]
[BlackRD "73"]
[GameID "743115"]

1. a3 g6 2. d4 Bg7 3. e4 d6 4. Nc3 Nf6 5. f4 O-O 6. Nf3 b6 7. Bd3 Bb7 8. O-O c5 9. d5 Qc8 10. Bc4 Ba6
11. Bxa6 Nxa6 12. f5 Nc7 13. Bg5 Qd7 14. e5 Ng4 15. e6 fxe6 16. fxe6 Qe8 17. Qe1 Ne5 18. Nxe5 Rxf1+ 19. Qxf1 Bxe5 20. Qc4 Bd4+
21. Kh1 Qf8 22. Rf1 Qg7 23. Rf7 Qe5 24. Bd2 Re8 25. Qd3 Nxd5 26. Nxd5 Qxd5 27. Qb5 Qa8 28. Bh6 a6 29. Qd7 Qd8 30. Qa7 Bxb2
31. Qxa6 Bf6 32. Qb7 Qc8 33. Qxc8 Rxc8 34. c4 Re8 35. a4 d5 36. cxd5 Bd4 37. g3 c4 38. Kg2 c3 39. Kf3 c2 40. Bc1 Bc5
41. Ke4 Bb4 42. d6 Bxd6 43. Bb2 c1=Q 44. Bxc1 Ra8 45. Bh6 Rxa4+ 46. Kd5 Ra8 47. Rg7+ Kh8 48. Kc6 Rb8 49. Rf7 Kg8 50. Kb5 Ba3
51. h4 Bc5 52. Rg7+ Kh8 53. g4 Be3 54. g5 Bc5 55. Rf7 Kg8 56. Rg7+ Kh8 57. Kc6 Rc8+ 58. Kb5 Rb8 59. Kc4 Rc8 60. Kb5 Rb8
61. Kc6 Rc8+ 62. Kb5 Rb8
1/2-1/2

[Event "September Mornings"]
[Site "SchemingMind.com"]
[Date "2024.03.14"]
[Round "-"]
[White "The Stonewall"]
[Black "Helga1946"]
[Result "0-1"]
[WhiteCountry "ENG"]
[BlackCountry "GER"]
[WhiteElo "2245"]
[WhiteRD "73"]
[BlackElo "2387"]
[BlackRD "74"]
[GameID "743116"]

1. d4 d5 2. Nf3 Nf6 3. g3 c5 4. Bg2 cxd4 5. O-O e6 6. Nxd4 e5 7. Nb3 Be7 8. c4 d4 9. e3 d3 10. Nc3 Bg4
11. Bf3 h5 12. e4 Nc6 13. Bxg4 hxg4 14. Bg5 Nxe4 15. Nxe4 Bxg5 16. Qxg4 Bh6 17. c5 O-O 18. Nd6 a5 19. Qe4 a4 20. Nc1 d2
21. Nd3 Qg5 22. Rad1 Rad8 23. Nxb7 Rd4 24. Qxc6 Rxd3 25. Qxa4 Rd4 26. Qc6 e4 27. Nd6 Qe5 28. a4 f5 29. f4 exf3 30. Rxf3 Kh7
31. Qb5 Rf6 32. b3 f4 33. g4 Qg5 34. h3 Re6 35. Nf5 Re1+ 36. Rf1 f3 37. Nxd4 Qe3+
0-1